[Paper of the 16th AVA congress held on 22-24 July 2010 at Bangkok, Thailand

Bibliographic Details
Format: Book
Language:English
Published: 2010
Subjects:

MARC

LEADER 00000cam a2200000 7i4500
001 0000024593
005 20121119.0
008 121025s th a eng
040 |a INS 
090 0 0 |a S290 
245 1 0 |a [Paper of the 16th AVA congress held on 22-24 July 2010 at Bangkok, Thailand 
260 |c 2010 
300 |a (Various paging) :   |b ill. ;   |c 30cm. 
500 |a Organised by Asean Valuers Association 
500 |a Theme : "The ASEAN chapter - toward a new era of valuation development" 
500 |a Unpublished 
650 0 |a Valuation   |x Congresses   |z ASEAN 
999 |a S000000592   |b BOOK   |c Seminar   |e Default branch 
999 |a S000000857   |b BOOK   |c Seminar   |e Default branch